Plantilla FC Barcelona 25/26 - Estadísticas

Estadísticas generales
  • Esta prueba ha sido intentada 271 veces
    57 desde el último reinicio
  • La puntuación promedio es 24 de 25
Estadísticas de respuestas
Hint Respuesta % Correcto
DFC Éric García
100%
GK Joan Garcia
100%
GK (actualmente cedido al Girona) Marc-André Ter Stegen
100%
MCO Dani Olmo
97%
DC Ferran Torres
97%
MC Gavi
97%
LD Joules Koundé
97%
ED Lamine Yamal
97%
DFC Pau Cubarsí
97%
MC Pedri
97%
DFC Ronald Araujo
97%
LI Alejandro Balde
94%
DFC Andreas Christensen
94%
MC Frenkie de Jong
94%
LI Gerard Martín
94%
MCD Marc Bernal
94%
EI Marcus Rashford
94%
DC Robert Lewandowski
94%
MCO Fermín López
91%
DT (Entrenador) Hansi Flick
91%
MCD Marc Casadó
91%
EI Raphinha
91%
ED Roony Bardghji
91%
LD Joao Cancelo
88%
GK Wojciech Szczesny
84%
No se encontraron pruebas coincidentes
Distribución de puntuación
Porcentaje de gente con cada puntuación
Porcentaje por número respondido
Historial de tus puntuaciones
No has intentado esta prueba desde el último reinicio